[Event "AUTO-ADV-402"]
[Site "http://www.queenalice.com/game.php?id=257832"]
[Date "2007.8.19"]
[Round "2"]
[White "me"]
[Black "joao"]
[Result "0-1"]
[WhiteElo "2059"]
[BlackElo "1936"]

1. d4 d5 2. c4 e6 3. Nc3 Nf6 4. Bg5 Nbd7 5. Nf3 Be7 6. e3 O-O 7. Qc2 b6 8. Bd3
h6 9. Bh4 Bb7 10. O-O-O c5 11. g4 dxc4 12. Be2 Nxg4 13. Bxe7 Qxe7 14. Rdf1 Rad8
15. Rhg1 Ngf6 16. Ne5 cxd4 17. exd4 Rc8 18. Nxc4 Bd5 19. Ne3 Bxa2 20. Qa4 Ne4
21. Nd1 Bd5 22. f3 Ng5 23. Kd2 Bc6 24. Qxa7 Ra8 25. Qc7 Rfc8 26. Qf4 Nh3 27.
Qxh6 Nxg1 28. Rxg1 Qf6 29. Qxf6 Nxf6 30. Ne3 Rd8 0-1

[Event "AUTO-ADV-402"]
[Site "http://www.queenalice.com/game.php?id=257834"]
[Date "2007.8.19"]
[Round "2"]
[White "me"]
[Black "ray"]
[Result "1-0"]
[WhiteElo "2041"]
[BlackElo "1550"]

1. e4 c5 2. Nf3 g6 3. d4 cxd4 4. Qxd4 Nf6 5. e5 Nc6 6. Qc3 Nd5 7. Qb3 e6 8. Nc3
Bg7 9. Nxd5 exd5 10. Qxd5 O-O 11. Bc4 Qe7 12. O-O Nxe5 13. Nxe5 Bxe5 14. Re1 Qd6
15. Rxe5 Qxd5 16. Bxd5 d6 17. Re7 Be6 18. Bxe6 fxe6 19. Rxe6 Rf7 20. Rxd6 Re7
21. Bh6 Rae8 22. Kf1 b5 23. b4 Kf7 24. Rad1 a6 25. Rxa6 Re2 26. Ra7+ Kf6 27. g4
g5 28. Ra6+ Kf7 29. Rd7+ Kg8 30. Raa7 Re1+ 31. Kg2 R1e6 32. Rg7+ Kh8 33. Rxh7+
Kg8 34. Rag7+ Kf8 35. Rg6# 1-0

[Event "AUTO-ADV-402"]
[Site "http://www.queenalice.com/game.php?id=257835"]
[Date "2007.8.19"]
[Round "2"]
[White "ray"]
[Black "me"]
[Result "0-1"]
[WhiteElo "1579"]
[BlackElo "2039"]

1. c4 e5 2. g3 Nc6 3. Bg2 g6 4. Nf3 e4 5. Ng5 Qxg5 6. d4 Qe7 7. e3 Nf6 8. Nc3
Bg7 9. O-O O-O 10. f3 exf3 11. Bxf3 d6 12. Bxc6 bxc6 13. d5 cxd5 14. cxd5 Bb7
15. e4 Nxe4 16. Rf4 Nxc3 17. bxc3 Bxc3 18. Rb1 Rab8 19. Bb2 Qe3+ 20. Rf2 Bxd5
21. Qxd5 Bxb2 22. Kg2 Bd4 23. Rxb8 Qxf2+ 24. Kh3 Rxb8 25. Qe4 Rb4 26. Qg2 Qxg2+
27. Kg4 Be3# 0-1

[Event "AUTO-ADV-398"]
[Site "http://www.queenalice.com/game.php?id=267857"]
[Date "2007.9.6"]
[Round "3"]
[White "pomar"]
[Black "me"]
[Result "0-1"]
[WhiteElo "1969"]
[BlackElo "1988"]

1. e4 c5 2. f4 e6 3. Nf3 d5 4. exd5 exd5 5. d4 Nf6 6. Bb5+ Nc6 7. Ne5 Bd7 8.
Nxc6 bxc6 9. Ba4 cxd4 10. Qxd4 Qa5+ 11. Bd2 Qb6 12. Bc3 Bd6 13. g3 O-O 14. Qxb6
axb6 15. Bb3 Rfe8+ 16. Kf2 Bc5+ 17. Kg2 Re2+ 18. Kf1 Bg4 19. Nd2 Rae8 20. h3
Rf2+ 21. Kg1 Rxd2+ 22. Kf1 Rf2+ 23. Kg1 Rxc2+ 24. Kf1 Rf2+ 0-1

[Event "AUTO-ADV-398"]
[Site "http://www.queenalice.com/game.php?id=267858"]
[Date "2007.9.6"]
[Round "3"]
[White "me"]
[Black "pomar"]
[Result "0-1"]
[WhiteElo "2003"]
[BlackElo "1951"]

1. d4 e6 2. c4 d5 3. Nc3 a6 4. Nf3 Bb4 5. e3 dxc4 6. Bxc4 b5 7. Bb3 Bb7 8. Bd2
c5 9. a3 cxd4 10. exd4 Ba5 11. Be3 Nf6 12. O-O O-O 13. Bc2 Qd6 14. g3 Bxc3 15.
bxc3 Qd5 16. Kg2 Nbd7 17. Re1 Ne4 18. Bxe4 Qxe4 19. Bf4 Qf5 20. Re3 g5 21. Re5
Nxe5 0-1

[Event "Mundialito"]
[Site "http://www.queenalice.com/game.php?id=275832"]
[Date "2007.9.23"]
[Round "4"]
[White "me"]
[Black "technicaldraw"]
[Result "1-0"]
[WhiteElo "2023"]
[BlackElo "1930"]

1. e4 e6 2. d4 d5 3. Nc3 Bb4 4. a3 Bxc3+ 5. bxc3 dxe4 6. Qg4 Nf6 7. Qxg7 Rg8 8.
Qh6 Rg6 9. Qe3 b6 10. g3 Bb7 11. h3 Nc6 12. Bg2 Na5 13. Qe2 Qd5 14. Bf4 O-O-O
15. h4 Nc4 16. Nh3 Ba6 17. O-O Kb8 18. Bg5 Bb7 19. Nf4 Qc6 20. Nxg6 1-0

[Event "AUTO-OPEN-554"]
[Site "http://www.queenalice.com/game.php?id=298934"]
[Date "2007.11.5"]
[Round "2"]
[White "me"]
[Black "thw"]
[Result "1-0"]
[WhiteElo "2048"]
[BlackElo "1884"]

1. e4 e6 2. d4 d5 3. Nc3 Nf6 4. Bg5 Be7 5. e5 Nfd7 6. h4 Bxg5 7. hxg5 Qxg5 8.
Nf3 Qe7 9. Qd3 c5 10. O-O-O cxd4 11. Qxd4 Nc6 12. Qa4 O-O 13. Bd3 Ndxe5 14.
Bxh7+ Kh8 15. Nxe5 Nxe5 16. Qh4 Qxh4 17. Rxh4 g5 18. Rh5 Kg7 19. Rxg5+ Kf6 20.
f4 Ng6 21. Bxg6 fxg6 22. g4 Bd7 23. Ne4+ dxe4 24. Rxd7 e5 25. Rxe5 1-0

[Event "AUTO-OPEN-554"]
[Site "http://www.queenalice.com/game.php?id=298935"]
[Date "2007.11.5"]
[Round "2"]
[White "thw"]
[Black "me"]
[Result "0-1"]
[WhiteElo "1894"]
[BlackElo "2038"]

1. e4 c5 2. Nf3 Nc6 3. d4 cxd4 4. Nxd4 Nf6 5. Nc3 e5 6. Ndb5 d6 7. Bg5 h6 8.
Bxf6 gxf6 9. Bc4 Be6 10. Bxe6 fxe6 11. Qh5+ Ke7 12. O-O-O Nd4 13. Nxd4 exd4 14.
Rxd4 Qe8 15. Qa5 Rg8 16. Nb5 Rg5 17. Qb4 Rxb5 18. Qxd6+ Kf7 19. Qc7+ Kg8 20.
Rhd1 Rc8 21. Qg3+ Rg5 22. Qd3 Rxg2 23. Qf3 Qg6 0-1

[Event "AUTO-ADV-385"]
[Site "http://www.queenalice.com/game.php?id=353535"]
[Date "2008.2.13"]
[Round "3"]
[White "me"]
[Black "tehan"]
[Result "0-1"]
[WhiteElo "2044"]
[BlackElo "2060"]

1. e4 c5 2. Nf3 d6 3. d4 cxd4 4. Nxd4 a6 5. c4 Nc6 6. Nc3 Qb6 7. Nxc6 bxc6 8. g3
Nf6 9. Bg2 e5 10. b3 Be7 11. O-O h6 12. Bb2 O-O 13. a3 Be6 14. Qe2 Qxb3 0-1

[Event "AUTO-ADV-385"]
[Site "http://www.queenalice.com/game.php?id=353536"]
[Date "2008.2.13"]
[Round "3"]
[White "tehan"]
[Black "me"]
[Result "1-0"]
[WhiteElo "2041"]
[BlackElo "2061"]

1. e4 c5 2. Nf3 Nc6 3. c3 d5 4. exd5 Qxd5 5. d4 Bg4 6. Be2 cxd4 7. cxd4 e6 8. h3
Bb4+ 9. Nc3 Bxf3 10. Bxf3 Qxd4 11. Bxc6+ 1-0